000 00567nam a22001932 4500
001 0000007385
005 20151217152030.0
008 080118s xx 000 0 eng d
020 _cKES
040 _aKABU
_cKABU
245 1 0 _aUrban management programme :
_bprogramme report 1996-97.
260 _aNairobi :
_bUMP,
_c1998.
300 _a45 p.
650 0 _aUrban management.
_@0000158615
852 1 _9p350 KES
852 1 _9p350 KES
908 _a080118
950 _@1
999 _c7510
_d7510